230 lời giải về bệnh tật trẻ em
Saved in:
| Format: | Book |
|---|---|
| Language: | Undetermined |
| Subjects: | |
| Online Access: | http://lrc.tdmu.edu.vn/opac/search/detail.asp?aID=2&ID=7900 |
| Tags: |
Add Tag
No Tags, Be the first to tag this record!
|
| Institutions: | Trung tâm Học liệu Trường Đại học Thủ Dầu Một |
|---|
| LEADER | 00403nam a2200109Ia 4500 | ||
|---|---|---|---|
| 001 | TDMU_7900 | ||
| 008 | 210410s9999 xx 000 0 und d | ||
| 082 | |a 618.92 | ||
| 245 | 0 | |a 230 lời giải về bệnh tật trẻ em | |
| 650 | |a Y khoa |x Bệnh trẻ em | ||
| 856 | |u http://lrc.tdmu.edu.vn/opac/search/detail.asp?aID=2&ID=7900 | ||
| 980 | |a Trung tâm Học liệu Trường Đại học Thủ Dầu Một | ||